Start with A, ends with C - Statistics

General Stats
  • This quiz has been taken 23 times
  • The average score is 10 of 15
Answer Stats
Question Answer % Correct
1-6 on the pH scale Acidic
95%
Activities or life in and around water Aquatic
86%
Record label and second largest ocean Atlantic
86%
The roof space in a property Attic
86%
The northernmost arm of the Mediterranean Sea Adriatic
81%
I'm very sorry! Apologetic
81%
Scholastic Academic
71%
Prevention of growth of germs on an open wound? Antiseptic
71%
Helps fight an infection Antibiotic
62%
A type of acid, more commonly known as vinegar Acetic
57%
One of the three 'R' s', ridiculously Arithmetic
57%
Geuine Authentic
52%
Hit single for Blondie Atomic
48%
Oysters, goatweed, perhaps? Aphrodisiac
24%
As a matter of course, promotion for example Automatic
19%
No matching quizzes found
Score Distribution
Percent of People with Each Score
Percentile by Number Answered
Your Score History
You have not taken this quiz